Η γυναίκα στο Βυζάντιο = Women in Byzantium : ημερολόγιο 2017 = desk diary

Αποθηκεύτηκε σε:
Λεπτομέρειες βιβλιογραφικής εγγραφής
Συλλογικό Έργο: Μουσείο Βυζαντινού Πολιτισμού, Σωματείο Φίλων Μουσείου Βυζαντινού Πολιτισμού
Άλλοι συγγραφείς: Τσιλιπάκου, Αγαθονίκη, 1966-
Μορφή: Βιβλίο
Γλώσσα:Greek
English
Δημοσίευση: Αθήνα : Μουσείο Βυζαντινού Πολιτισμού, c2016.
Θέματα:
Ετικέτες: Προσθήκη ετικέτας
Δεν υπάρχουν, Καταχωρήστε ετικέτα πρώτοι!

MARC

LEADER 00000cam a2200000 a 4500
001 1/118301
008 190326s2016####gr | ||| |||| ||gre||
020 |a 9789609669054 
040 |a GR-MyUa  |b gre  |c GR-MyUa  |e AACR2 
041 0 |a gre  |a eng 
082 7 |a 889.092   |2 (23) 
245 0 2 |a Η γυναίκα στο Βυζάντιο =   |b Women in Byzantium : ημερολόγιο 2017 = desk diary /   |c Μουσείο Βυζαντινού Πολιτισμού, Σωματείο Φίλων Μουσείου Βυζαντινού Πολιτισμού = Museum of Byzantine Culture, Association of the Friends of the Museum of Byzantine Culture.  
246 1 |i [Παράλληλος τίτλος]:   |a Women in Byzantium  
260 |a Αθήνα :   |b Μουσείο Βυζαντινού Πολιτισμού,   |c c2016.  
300 |a 137 σ. :   |b εικ. ;   |c 22 εκ.  
650 0 |a Greek diaries. 
650 0 |a Diaries. 
700 1 |a Τσιλιπάκου, Αγαθονίκη,  |d 1966- 
710 2 |a Μουσείο Βυζαντινού Πολιτισμού. 
710 2 |a Σωματείο Φίλων Μουσείου Βυζαντινού Πολιτισμού. 
852 |a INST  |b RHODES  |e 20190326  |h 889.092 ΓΥΝ  |p 005400040542  |q 005400040542  |t BK  |y 0 
970 |a Μαρία  |b Κωτάκου  |z 26-03-2019